Statistics for Most Popular Baby Boy Names in Germany

Click here to take the quiz!

General Stats

  • This quiz has been taken 38,203 times
  • The average score is 33 of 103

Answer Stats

Baby Name % Correct
Johann
77%
Adolf
74%
Hans
68%
Thomas
63%
Peter
59%
Mark
58%
Michael
58%
Paul
54%
Karl
53%
André
48%
David
47%
Franz
46%
Wilhelm
45%
Alexander
45%
Manfred
45%
Robert
43%
Daniel
43%
Ben
43%
Philip
43%
Sebastian
42%
Stefan
42%
Heinrich
42%
Max
41%
Tom
41%
Maximilian
41%
Willi
41%
Lukas
40%
Jan
40%
Wolfgang
40%
Frank
40%
Tim
39%
Christian
39%
Klaus
38%
Christoph
38%
Martin
38%
Otto
37%
Albert
37%
Friedrich
35%
Johannes
34%
Markus
34%
Fritz
33%
Oliver
33%
Leon
33%
Kevin
33%
Günter
33%
Jürgen
32%
Hermann
32%
Heinz
32%
Matthias
32%
Herbert
32%
Luca
31%
Andreas
31%
Helmut
30%
Walter
30%
Rudolf
30%
Dieter
29%
Jonas
27%
Kurt
27%
Patrick
27%
Gerhard
26%
Felix
26%
Louis
26%
Alfred
26%
Ralf
26%
Werner
25%
Benjamin
25%
Sven
25%
Tobias
25%
Julian
24%
Erich
24%
Gustav
24%
Jens
24%
Jörg
23%
Uwe
23%
Noah
23%
Florian
22%
Rolf
22%
Dennis
22%
Marco
22%
Ernst
22%
Gerd
21%
Bernd
21%
Niclas
20%
Dirk
20%
Artur
20%
Emil
20%
Finn
19%
Norbert
19%
Fabian
19%
Moritz
19%
Rainer
19%
Horst
19%
Justin
19%
August
18%
Harald
17%
Marcel
17%
Hugo
16%
Karsten
16%
Torsten
16%
Elias
16%
Jannik
14%
Rheinhardt
14%
Egon
12%

Score Distribution

Percentile by Number Answered

Percent of People with Each Score

Your Score History

You have not taken this quiz